Atlas del estado de las religiones

Salvato in:
Dettagli Bibliografici
Autore principale: O'Brien, Joanne (autora)
Altri autori: Palmer, Martin (autor)
Natura: Libro
Lingua:spagnolo
Pubblicazione: Madrid Akal 2000
Soggetti:
Tags: Aggiungi Tag
Nessun Tag, puoi essere il primo ad aggiungerne!!

MARC

LEADER 00000nam a2200000 a 4500
001 UCN8074
003 CL-VaPUC
005 20220915124014.0
008 011026e20000000SP |||||||||||||||||spa|d
999 |c 298136  |d 298134 
040 |c Pontificia Universidad Católica de Valparaíso 
082 0 4 |a 200.9  |b OBR  |2 21 
100 |a O'Brien, Joanne  |e autora  |9 464272 
245 1 0 |a Atlas del estado de las religiones 
260 |a Madrid  |b Akal  |c 2000 
300 |a 127 p 
583 |a last modification  |c 20011026 00:00:00  |k Rodrigo Vera 
650 7 |a RELIGIONES - MAPAS  |2 CL-VaPUC  |9 464274 
650 7 |a RELIGIONES - DEMOGRAFIA  |2 CL-VaPUC  |9 464275 
700 |a Palmer, Martin  |e autor  |9 876710 
942 |c BK  |2 ddc 
945 |d 20011026 00:00:00  |a crobeson 
952 |0 0  |1 0  |4 0  |6 200_900000000000000_OBR_2000  |7 0  |8 F  |9 353499  |a BIBTEO  |b BIBTEO  |d 2019-11-21  |i 3752941  |o 200.9 OBR 2000  |p 3752941  |r 2025-01-17  |w 2019-11-21  |y BK_F  |k ICR